| 000 | 00868 a2200169 4500 | ||
|---|---|---|---|
| 003 | Nust | ||
| 005 | 20230221081627.0 | ||
| 040 | _cNust | ||
| 082 | _a297.63, SUL | ||
| 100 |
_aSulaiman, Qazi Muhammad _9109261 |
||
| 245 |
_aRahmatul Lil Alameen VOL-1,2 _bMercy of the words _cQazi Muhammad Sulaiman |
||
| 260 |
_aPakistan _bDarul Ishaat |
||
| 300 | _a280:p | ||
| 505 | _aPrimary Life of the Holy Prophet (Page-1), A Little Before Attaining Prophethood (Page-13), Aposteship and Prophethood (Page-16), Designs Against Islam (Page-25), Ascension (Page-43), Hijart and its Reasons (Page-56), New Homeland New Problems (Page-84), The Crusade Expeditions of Holy Prophet (Page-90), Fertvour for Faith and Martyrdom (Page-98) Best Sermon Fifty Traditions (Page-130), Education & Purge of Desire (Page-138) . | ||
| 650 |
_aMercy for the Worlds _9109262 |
||
| 942 |
_2ddc _cBK |
||
| 999 |
_c185553 _d185553 |
||